[Event "Medellin Flores op 24th"]
[Site "Medellin"]
[Date "2017.08.07"]
[Round "8"]
[White "Rodriguez, Boris"]
[Black "Torres, Jorge Emilio"]
[Result "1/2-1/2"]
[WhiteElo "2118"]
[BlackElo "2026"]
[PlyCount "51"]
[EventDate "2017.08.03"]
[EventType "swiss"]
[EventRounds "9"]
[EventCountry "COL"]
[SourceTitle "CBM 179 Extra"]
[Source "ChessBase"]
[SourceDate "2017.08.23"]
[SourceVersion "1"]
[SourceVersionDate "2017.08.23"]
[SourceQuality "1"]

1. e4 e5 2. f4 exf4 3. Bc4 Ne7 4. Nc3 Ng6 5. Nf3 Be7 6. 0-0 Nc6 7. d4 d6 8. Ne2 0-0 9. c3 a6 10. Nxf4 Nxf4 11. Bxf4 Rb8 12. a4 Bf6 13. Qd2 b5 14. axb5 axb5 15. Bd3 b4 16. Bg5 bxc3 17. bxc3 Bxg5 18. Nxg5 h6 19. Nxf7 Qe7 20. Nxh6+ gxh6 21. Qxh6 Be6 22. e5 Rbe8 23. Rxf8+ Rxf8 24. exd6 cxd6 25. Re1 Rf6 26. Bh7+ 1/2-1/2

[Event "Medellin Flores op 24th"]
[Site "Medellin"]
[Date "2017.08.05"]
[Round "5"]
[White "Ojeda, Jesus David"]
[Black "Rodriguez, Boris"]
[Result "0-1"]
[WhiteElo "2052"]
[BlackElo "2118"]
[PlyCount "60"]
[EventDate "2017.08.03"]
[EventType "swiss"]
[EventRounds "9"]
[EventCountry "COL"]
[SourceTitle "CBM 179 Extra"]
[Source "ChessBase"]
[SourceDate "2017.08.23"]
[SourceVersion "1"]
[SourceVersionDate "2017.08.23"]
[SourceQuality "1"]

1. d4 d5 2. Bf4 e6 3. e3 c5 4. c3 Qb6 5. Qc1 Nc6 6. Bd3 Bd7 7. Nf3 Rc8 8. dxc5 Bxc5 9. 0-0 Nf6 10. Qc2 0-0 11. Nbd2 Rfd8 12. h3 Be7 13. Qb1 a5 14. a4 h6 15. Nd4 Be8 16. Bh2 Nd7 17. Nb5 Nc5 18. Bc2 e5 19. e4 d4 20. Nc4 Qa6 21. Nxe5 Nxe5 22. Bxe5 d3 23. Bd1 Bxb5 24. axb5 Qxb5 25. Qa2 b6 26. Bg4 Nb3 27. Rad1 Rc4 28. Bd4 Ra4 29. Qb1 Nxd4 30. cxd4 Raxd4 0-1

[Event "Medellin Easter op 7th"]
[Site "Medellin"]
[Date "2017.04.16"]
[Round "8"]
[White "Rodriguez, Boris"]
[Black "Zapata Cuartas, Juan Carlos"]
[Result "0-1"]
[WhiteElo "2122"]
[BlackElo "2074"]
[PlyCount "100"]
[EventDate "2017.04.12"]
[EventType "swiss"]
[EventRounds "8"]
[EventCountry "COL"]
[SourceTitle "CBM 177 Extra"]
[Source "ChessBase"]
[SourceDate "2017.04.27"]
[SourceVersion "1"]
[SourceVersionDate "2017.04.27"]
[SourceQuality "1"]

1. d4 Nf6 2. Nf3 e6 3. Bf4 b6 4. e3 Bb7 5. Nbd2 c5 6. c3 d5 7. Bd3 Be7 8. h3 Nbd7 9. 0-0 0-0 10. Qe2 Re8 11. Rfd1 Bf8 12. Rac1 c4 13. Bb1 b5 14. g4 Qb6 15. Ne5 Nxe5 16. Bxe5 Nd7 17. Bg3 f6 18. Qf3 e5 19. Re1 Rad8 20. Rcd1 b4 21. e4 exd4 22. exd5 Rxe1+ 23. Rxe1 bxc3 24. bxc3 Qc5 25. cxd4 Qxd4 26. Qf5 g6 27. Qe6+ Kg7 28. Qe2 Bxd5 29. Rd1 Qc5 30. Bf4 Nb6 31. Ne4 Qe7 32. f3 Bxe4 33. Bxe4 Qc5+ 34. Kg2 Rxd1 35. Qxd1 Kf7 36. h4 c3 37. Qb3+ Kg7 38. Qb1 Nc4 39. h5 Nd2 40. Bxd2 cxd2 41. hxg6 Qd6 42. Qd1 hxg6 43. Kf2 Qh2+ 44. Ke3 Bd6 45. Kd3 Bb4 46. Qb1 Qd6+ 47. Ke2 Qd4 48. Qc2 Kh6 49. Qd3 Qg1 50. Qb1 Qe1+ 0-1

[Event "Medellin Easter op 7th"]
[Site "Medellin"]
[Date "2017.04.15"]
[Round "6"]
[White "Rodriguez, Boris"]
[Black "Herrera, Milena"]
[Result "1-0"]
[WhiteElo "2122"]
[BlackElo "2052"]
[PlyCount "85"]
[EventDate "2017.04.12"]
[EventType "swiss"]
[EventRounds "8"]
[EventCountry "COL"]
[SourceTitle "CBM 177 Extra"]
[Source "ChessBase"]
[SourceDate "2017.04.27"]
[SourceVersion "1"]
[SourceVersionDate "2017.04.27"]
[SourceQuality "1"]

1. d4 Nf6 2. Nf3 e6 3. Bf4 c5 4. e3 b6 5. c3 Bb7 6. Nbd2 Be7 7. Bd3 0-0 8. h3 d6 9. 0-0 h6 10. Qe2 Qd7 11. e4 Rd8 12. Rfd1 Nc6 13. Rac1 e5 14. Be3 a6 15. d5 Nb8 16. Nh2 Qc7 17. Ndf1 Bf8 18. g4 Re8 19. Ng3 g6 20. h4 Kh7 21. Kg2 Qd7 22. Rh1 Bc8 23. g5 Ng4 24. Nxg4 Qxg4 25. f3 Qd7 26. h5 Bg7 27. Rcg1 Bb7 28. Kf1 Rh8 29. gxh6 Bf6 30. Qg2 Rg8 31. Nf5 Qd8 32. Ng7 g5 33. Bxg5 Bxg5 34. Qxg5 Qxg5 35. Rxg5 Bc8 36. Rhg1 Ra7 37. f4 Re7 38. Nf5 Rxg5 39. fxg5 Bxf5 40. exf5 e4 41. g6+ fxg6 42. hxg6+ Kxh6 43. f6 1-0

[Event "Medellin Easter op 7th"]
[Site "Medellin"]
[Date "2017.04.14"]
[Round "4"]
[White "Rodriguez, Boris"]
[Black "Agudelo, Carlos Daniel"]
[Result "1-0"]
[WhiteElo "2122"]
[BlackElo "1928"]
[PlyCount "101"]
[EventDate "2017.04.12"]
[EventType "swiss"]
[EventRounds "8"]
[EventCountry "COL"]
[SourceTitle "CBM 177 Extra"]
[Source "ChessBase"]
[SourceDate "2017.04.27"]
[SourceVersion "1"]
[SourceVersionDate "2017.04.27"]
[SourceQuality "1"]

1. e4 g6 2. d4 Bg7 3. f4 d6 4. Nc3 a6 5. a4 Nf6 6. Nf3 0-0 7. Bc4 c6 8. Bb3 d5 9. e5 Ne8 10. 0-0 Bf5 11. Nh4 Qc8 12. h3 Nc7 13. g4 Bd7 14. f5 Re8 15. Qf3 e6 16. fxg6 fxg6 17. Qf7+ Kh8 18. Bg5 Rf8 19. Qe7 c5 20. Bf6 Rxf6 21. exf6 Bf8 22. Qf7 Qe8 23. Qxe8 Bxe8 24. dxc5 Bxc5+ 25. Kg2 Bc6 26. Rae1 Nd7 27. g5 e5 28. Kg3 e4 29. Ng2 Bd6+ 30. Nf4 Nc5 31. Kg4 d4 32. Ncd5 Nxb3 33. Nxc7 Bxc7 34. cxb3 Bd7+ 35. Kg3 Bf5 36. Rc1 Bd6 37. Kg2 e3 38. Kf3 Re8 39. Rcd1 Bxf4 40. Kxf4 e2 41. Rfe1 d3 42. Rd2 Kg8 43. Kf3 Kf7 44. Kf2 Rc8 45. Ke3 Re8+ 46. Kd4 Rd8+ 47. Kc5 Rd7 48. h4 Ke6 49. b4 Ke5 50. Rexe2+ Kf4 51. Re7 1-0

[Event "Medellin Antioquia Cup"]
[Site "Medellin"]
[Date "2016.10.14"]
[Round "4"]
[White "Vargas Arteaga, Alexis"]
[Black "Rodriguez, Boris"]
[Result "1-0"]
[WhiteElo "2279"]
[BlackElo "2058"]
[PlyCount "67"]
[EventDate "2016.10.12"]
[EventType "swiss"]
[EventRounds "8"]
[EventCountry "COL"]
[SourceTitle "CBM 175 Extra"]
[Source "ChessBase"]
[SourceDate "2016.12.12"]
[SourceVersion "1"]
[SourceVersionDate "2016.12.12"]
[SourceQuality "1"]

1. d4 d5 2. c4 c6 3. Nf3 Nf6 4. Nc3 e6 5. cxd5 exd5 6. Bg5 Be7 7. Qc2 0-0 8. e3 Bg4 9. Bd3 Nbd7 10. Bf4 Bxf3 11. gxf3 c5 12. dxc5 Nxc5 13. Rd1 Qa5 14. Be2 Rfd8 15. Kf1 Rac8 16. Be5 Ncd7 17. Bd4 b5 18. Rg1 b4 19. Qa4 Qc7 20. Nxd5 Nxd5 21. Bxg7 Qb7 22. Bh6+ Kh8 23. Bg7+ Kg8 24. Ba6 N7b6 25. Bf6+ Kf8 26. Bg7+ Kg8 27. Bd4+ Kf8 28. Bxb7 Nxa4 29. Bxc8 Rxc8 30. Bg7+ Ke8 31. Rxd5 Rc2 32. Ra5 Nxb2 33. Bxb2 Rxb2 34. Rxa7 1-0

[Event "Medellin Flores op 23rd"]
[Site "Medellin"]
[Date "2016.08.06"]
[Round "6"]
[White "Hernandez Sanchez, Jairo Andres"]
[Black "Rodriguez, Boris"]
[Result "1-0"]
[WhiteElo "2375"]
[BlackElo "2040"]
[PlyCount "45"]
[EventDate "2016.08.03"]
[EventType "swiss"]
[EventRounds "9"]
[EventCountry "COL"]
[SourceTitle "CBM 173 Extra"]
[Source "ChessBase"]
[SourceDate "2016.08.29"]
[SourceVersion "1"]
[SourceVersionDate "2016.08.29"]
[SourceQuality "1"]

1. e4 e5 2. Nf3 Nc6 3. Bb5 a6 4. Ba4 Nf6 5. Qe2 b5 6. Bb3 Bc5 7. c3 0-0 8. 0-0 d5 9. d3 h6 10. Nbd2 Be6 11. h3 Re8 12. Rd1 Qc8 13. Nf1 a5 14. Ng3 a4 15. Bc2 Bb6 16. d4 exd4 17. e5 Nd7 18. cxd4 Rb8 19. Nh5 Ne7 20. Nh4 Nf8 21. Bxh6 gxh6 22. Qe3 Bg4 23. hxg4 1-0

[Event "Medellin Flores op 23rd"]
[Site "Medellin"]
[Date "2016.08.05"]
[Round "4"]
[White "Ruiz Castillo, Joshua Daniel"]
[Black "Rodriguez, Boris"]
[Result "1-0"]
[WhiteElo "2362"]
[BlackElo "2040"]
[PlyCount "51"]
[EventDate "2016.08.03"]
[EventType "swiss"]
[EventRounds "9"]
[EventCountry "COL"]
[SourceTitle "CBM 173 Extra"]
[Source "ChessBase"]
[SourceDate "2016.08.29"]
[SourceVersion "1"]
[SourceVersionDate "2016.08.29"]
[SourceQuality "1"]

1. e4 e5 2. Nf3 Nc6 3. Bb5 a6 4. Ba4 Nf6 5. Qe2 Bc5 6. c3 b5 7. Bb3 0-0 8. d3 d5 9. exd5 e4 10. dxe4 Nxe4 11. dxc6 Nxf2 12. 0-0 Re8 13. Qc2 Nd3+ 14. Kh1 Bf5 15. Bg5 Qd6 16. Nd4 Qe5 17. Bxf7+ Kh8 18. Bxe8 Rxe8 19. Na3 Be4 20. Qd2 Bd6 21. Nf3 Bxf3 22. gxf3 h6 23. Bh4 Qh5 24. Qxd3 Qxh4 25. Qd2 Re3 26. Rae1 1-0

[Event "Medellin Aristizabal Cup"]
[Site "Medellin"]
[Date "2016.05.20"]
[Round "3"]
[White "Yepez, Yeison Alexander"]
[Black "Rodriguez, Boris"]
[Result "1-0"]
[WhiteElo "1906"]
[BlackElo "2105"]
[PlyCount "61"]
[EventDate "2016.05.18"]
[EventType "swiss"]
[EventRounds "7"]
[EventCountry "COL"]
[SourceTitle "CBM 172 Extra"]
[Source "ChessBase"]
[SourceDate "2016.06.21"]
[SourceVersion "1"]
[SourceVersionDate "2016.06.21"]
[SourceQuality "1"]

1. d4 d5 2. c4 c6 3. Nc3 Nf6 4. Nf3 e6 5. Bg5 dxc4 6. e4 b5 7. e5 h6 8. Bh4 g5 9. Nxg5 hxg5 10. Bxg5 Be7 11. exf6 Bxf6 12. Bxf6 Qxf6 13. Qg4 Nd7 14. Be2 Rh4 15. Qf3 Bb7 16. g3 Rxd4 17. Nxb5 cxb5 18. Qxb7 Rb8 19. Qc7 Rd8 20. 0-0 Rd2 21. Rae1 Rxb2 22. Qxa7 Ne5 23. Bh5 Rd5 24. Qa8+ Qd8 25. Qa6 Kf8 26. Qa3+ Kg8 27. Qxb2 Nd3 28. Qe2 Nxe1 29. Rxe1 Qg5 30. Qg4 Qxg4 31. Bxg4 1-0

[Event "Medellin Aristizabal Cup"]
[Site "Medellin"]
[Date "2016.05.19"]
[Round "2"]
[White "Rodriguez, Boris"]
[Black "Perez Lujan, Mateo"]
[Result "1/2-1/2"]
[WhiteElo "2105"]
[BlackElo "1876"]
[PlyCount "100"]
[EventDate "2016.05.18"]
[EventType "swiss"]
[EventRounds "7"]
[EventCountry "COL"]
[SourceTitle "CBM 172 Extra"]
[Source "ChessBase"]
[SourceDate "2016.06.21"]
[SourceVersion "1"]
[SourceVersionDate "2016.06.21"]
[SourceQuality "1"]

1. e4 c5 2. Nf3 d6 3. d4 cxd4 4. Nxd4 Nf6 5. Nc3 g6 6. f3 Bg7 7. Be3 Nc6 8. Qd2 0-0 9. Bc4 Nd7 10. h4 Nde5 11. Be2 Na5 12. b3 Nac6 13. h5 Qa5 14. hxg6 hxg6 15. a3 Nxd4 16. Bxd4 Be6 17. f4 Rfd8 18. b4 Qc7 19. Nd5 Bxd5 20. exd5 Nd7 21. Bxg7 Kxg7 22. f5 Rh8 23. 0-0-0 Ne5 24. fxg6 fxg6 25. Rxh8 Rxh8 26. Qg5 Rc8 27. Qd2 Qc3 28. Qxc3 Rxc3 29. Kb2 Rg3 30. Bf1 Kf6 31. c4 Rg4 32. c5 dxc5 33. bxc5 Nc4+ 34. Kb3 Ne3 35. c6 bxc6 36. dxc6 Nxd1 37. c7 Rg3+ 38. Kb4 Rg4+ 39. Kc5 Rg5+ 40. Kc6 Rg3 41. Bc4 Rc3 42. Kb5 Ne3 43. c8Q Rxc4 44. Qf8+ Ke6 45. Qf3 a6+ 46. Kxa6 Ra4+ 47. Kb5 Rxa3 48. Qe4+ Kf6 49. Kb4 Ra6 50. Qxe3 Rd6 1/2-1/2

[Event "COL pre olympic sf1"]
[Site "Medellin"]
[Date "2016.03.24"]
[Round "5"]
[White "Rodriguez, Boris"]
[Black "Leal Cortes, Diego Fernando"]
[Result "1-0"]
[WhiteElo "2193"]
[BlackElo "1903"]
[PlyCount "87"]
[EventDate "2016.03.22"]
[EventType "swiss"]
[EventRounds "9"]
[EventCountry "COL"]
[SourceTitle "CBM 171 Extra"]
[Source "ChessBase"]
[SourceDate "2016.04.26"]
[SourceVersion "1"]
[SourceVersionDate "2016.04.26"]
[SourceQuality "1"]

1. e4 c6 2. d4 d5 3. exd5 cxd5 4. c4 Nf6 5. Nc3 e6 6. Nf3 Be7 7. Bd3 0-0 8. 0-0 dxc4 9. Bxc4 Nc6 10. Bf4 a6 11. Rc1 Nb4 12. a3 Nbd5 13. Be5 b5 14. Ba2 Bb7 15. Ng5 Rc8 16. Qd3 g6 17. Qh3 h5 18. Nxe6 fxe6 19. Qxe6+ Kh7 20. Nxd5 Rxc1 21. Nxe7 Rxf1+ 22. Kxf1 Qd7 23. Qxd7 Nxd7 24. Bb1 Nxe5 25. dxe5 Kh6 26. Bxg6 Bc8 27. g3 Bh3+ 28. Ke1 Rd8 29. Be4 Bg4 30. f3 Be6 31. f4 Re8 32. Nc6 h4 33. Kf2 h3 34. f5 Bd7 35. e6 Bxe6 36. fxe6 Rxe6 37. Ke3 Kg5 38. Nd4 Re7 39. Nf3+ Kg4 40. Ne1 Re8 41. Nd3 Re7 42. Nf2+ Kh5 43. Nxh3 Rc7 44. Nf4+ 1-0

[Event "COL pre olympic sf1"]
[Site "Medellin"]
[Date "2016.03.23"]
[Round "3"]
[White "Rodriguez, Boris"]
[Black "Perez Arroyave, Damian"]
[Result "0-1"]
[WhiteElo "2193"]
[BlackElo "1896"]
[PlyCount "46"]
[EventDate "2016.03.22"]
[EventType "swiss"]
[EventRounds "9"]
[EventCountry "COL"]
[SourceTitle "CBM 171 Extra"]
[Source "ChessBase"]
[SourceDate "2016.04.26"]
[SourceVersion "1"]
[SourceVersionDate "2016.04.26"]
[SourceQuality "1"]

1. e4 e5 2. Nf3 Nc6 3. Bc4 Bc5 4. c3 Nf6 5. b4 Bb6 6. d3 d5 7. exd5 Nxd5 8. Qb3 Be6 9. a4 a6 10. Ng5 0-0 11. 0-0 Qd7 12. Nxe6 fxe6 13. Nd2 Rf6 14. Ne4 Rg6 15. a5 Ba7 16. b5 axb5 17. Qxb5 Rb8 18. Kh1 Nf4 19. g3 Nd5 20. Ra2 Qf7 21. f4 exf4 22. Bxf4 Nxf4 23. Rxf4 Qxf4 0-1

[Event "Medellin Navideno op"]
[Site "Medellin"]
[Date "2013.12.21"]
[Round "7"]
[White "Zapata Arbelaes, Estiven"]
[Black "Rodriguez, Boris"]
[Result "0-1"]
[WhiteElo "2148"]
[BlackElo "2260"]
[PlyCount "40"]
[EventDate "2013.12.18"]
[EventType "swiss"]
[EventRounds "9"]
[EventCountry "COL"]
[SourceTitle "CBM 158 Extra"]
[Source "ChessBase"]
[SourceDate "2014.02.28"]
[SourceVersion "1"]
[SourceVersionDate "2014.02.28"]
[SourceQuality "1"]

1. d4 d5 2. c4 c6 3. Nc3 Nf6 4. Bg5 dxc4 5. a4 Nd5 6. Qc2 Nb4 7. Qd2 Qxd4 8. e3 Qxd2+ 9. Kxd2 f6 10. Bh4 Be6 11. Ne4 N8a6 12. Nf3 0-0-0+ 13. Kc1 h5 14. Bg3 Bf5 15. Ned2 Nd3+ 16. Bxd3 Bxd3 17. h4 e5 18. Ne1 Bb4 19. Nxd3 cxd3 20. Rb1 Nc5 0-1

[Event "Medellin Navideno op"]
[Site "Medellin"]
[Date "2013.12.19"]
[Round "3"]
[White "Ricciulli Vargas, Roberth Eliece"]
[Black "Rodriguez, Boris"]
[Result "0-1"]
[WhiteElo "1740"]
[BlackElo "2260"]
[PlyCount "76"]
[EventDate "2013.12.18"]
[EventType "swiss"]
[EventRounds "9"]
[EventCountry "COL"]
[SourceTitle "CBM 158 Extra"]
[Source "ChessBase"]
[SourceDate "2014.02.28"]
[SourceVersion "1"]
[SourceVersionDate "2014.02.28"]
[SourceQuality "1"]

1. e4 c5 2. Nf3 d6 3. Bb5+ Nc6 4. Bxc6+ bxc6 5. 0-0 Nf6 6. Re1 e5 7. d3 Be7 8. Bg5 h6 9. Bd2 0-0 10. Bc3 Be6 11. Nbd2 Nh7 12. Nf1 f5 13. exf5 Bxf5 14. Ne3 Qd7 15. Qe2 Be6 16. Rf1 Rf7 17. Rae1 Raf8 18. Nc4 Bg4 19. Ncd2 Ng5 20. Nxe5 dxe5 21. f3 Bf5 22. Qxe5 Bd6 23. Qe3 Qc7 24. f4 Ne6 25. Be5 Nd4 26. Bxd4 cxd4 27. Qxd4 Bc8 28. g3 c5 29. Qc4 Qc6 30. Ne4 Bc7 31. b4 Ba6 32. Qc3 c4 33. d4 Bb7 34. Rf2 Re7 35. Rfe2 Rfe8 36. d5 Qxd5 37. Rd2 Bb6+ 38. Kf1 Rxe4 0-1